Noticias sobre las obras del Canal de Panamá (Record no. 152959)

MARC details
000 -LEADER
campo de control de longitud fija 00833nam a2200181 i 4500
001 - NÚMERO DE CONTROL
campo de control 152959
003 - IDENTIFICADOR DE NÚMERO DE CONTROL
campo de control ES-MaACL
005 - FECHA Y HORA DE LA ÚLTIMA TRANSACCIÓN
campo de control 20230906204941.0
008 - DATOS DE LONGITUD FIJA--INFORMACIÓN GENERAL
campo de control de longitud fija 931025s1887 sp e |||| | spa d
100 1# - ENTRADA PRINCIPAL--NOMBRE DE PERSONA
Nombre de persona Cano y de León, Manuel.
9 (RLIN) 34580
245 10 - MENCIÓN DEL TÍTULO
Título Noticias sobre las obras del Canal de Panamá
Resto del título : extracto de la obra El Canal Interoceánico /
Mención de responsabilidad, etc. escrita por Manuel Cano y de León y Guillermo Brockmann y Abarzuza.
260 ## - PUBLICACIÓN, DISTRIBUCIÓN, ETC.
Lugar de publicación, distribución, etc. Madrid :
Nombre del editor, distribuidor, etc. [s.n.],
Fecha de publicación, distribución, etc. 1887 (
Fabricante Imp. del Memorial de Ingenieros)
300 ## - DESCRIPCIÓN FÍSICA
Extensión VII, 170 p., [1] h. de plan. pleg. ;
Dimensiones 26 cm.
651 #4 - PUNTO DE ACCESO ADICIONAL DE MATERIA--NOMBRE GEOGRÁFICO
Nombre geográfico Canal de Panamá.
9 (RLIN) 7941
700 1# - ENTRADA AGREGADA--NOMBRE PERSONAL
Nombre de persona Brockmann y Abarzuza, Guillermo.
9 (RLIN) 31843
852 ## - LOCALIZACIÓN
Ubicación ES-MaACL
Número de control de estantería T-460-F-11
Nota libre -- Enc. hol., falto de la enc. original
-- -- Ded. de los autores al Ateneo de Madrid
condición física -- Enc. en un vol. facticio
852 ## - LOCALIZACIÓN
Ubicación ES-MaACL
Número de control de estantería G-9966
Holdings
Estatus retirado Estado de pérdida Estado de daño No para préstamo Colección Biblioteca de origen Biblioteca actual Ubicación en estantería Fecha de adquisición Fuente de adquisición Total de préstamos Signatura topográfica completa Código de barras Visto por última vez Precio de reemplazo Tipo de ítem Koha
        Libros del s. XIX Biblioteca del Ateneo de Madrid Biblioteca del Ateneo de Madrid Sala Pecera Planta 3 30/06/2016     G-9966 1195538 23/02/2023 23/02/2023 Libro impreso antiguo
        Colección de folletos Biblioteca del Ateneo de Madrid Biblioteca del Ateneo de Madrid Depósito folletos 17/01/2008     T-460-F-11 1159776 23/02/2023 23/02/2023 Folleto